Boletín de las leyes i decretos del gobierno: 1903
Salvato in:
| Natura: | Libro |
|---|---|
| Lingua: | spagnolo |
| Pubblicazione: |
Santiago
Nacional
1903
|
| Soggetti: | |
| Tags: |
Aggiungi Tag
Nessun Tag, puoi essere il primo ad aggiungerne!!
|
MARC
| LEADER | 00000nam a2200000 a 4500 | ||
|---|---|---|---|
| 001 | UCR1516 | ||
| 003 | CL-VaPUC | ||
| 008 | 971219e19030000CL |||||||||||||||||spa|d | ||
| 082 | 0 | 4 | |a 348.022 |b BOL |2 21 |
| 245 | 1 | 0 | |a Boletín de las leyes i decretos del gobierno: 1903 |
| 300 | |a 2 v | ||
| 942 | |c BK | ||
| 945 | |d 19971219 00:00:00 |a lriquelm | ||
| 260 | |a Santiago |b Nacional |c 1903 | ||
| 650 | 7 | |a LEGISLACION |2 CL-VaPUC |9 398683 | |
| 650 | 7 | |a DERECHO CHILENO |2 CL-VaPUC |9 398684 | |
| 650 | 0 | |a Leyes |9 256670 | |
| 650 | 7 | |a FUENTES |2 CL-VaPUC |9 255666 | |
| 651 | 7 | |a CHILE |2 CL-VaPUC |9 398685 | |
| 583 | |a last modification |c 19971219 00:00:00 |k Rodrigo Vera | ||
| 999 | |c 264917 |d 264915 | ||
| 952 | |0 0 |1 0 |4 0 |6 348_022000000000000_BOL_1903 |7 0 |8 X |9 295562 |a BIBDER |b BIBDER |d 2019-11-20 |h v.73 p.1 |i 1926438 |o 348.022 BOL 1903 |p 1926438 |r 2023-01-25 |w 2019-11-20 |y BK_X |k DER | ||
| 952 | |0 0 |1 0 |4 0 |6 348_022000000000000_BOL_1903 |7 0 |8 X |9 295563 |a BIBDER |b BIBDER |d 2019-11-20 |h v.73 p.2 |i 1926489 |o 348.022 BOL 1903 |p 1926489 |r 2023-01-25 |w 2019-11-20 |y BK_X |k DER | ||
| 952 | |0 0 |1 0 |4 0 |6 348_022000000000000_BOL_1903 |7 0 |8 DER_HDC |9 295564 |a BIBDER |b BIBDER |d 2019-11-20 |h v.73 p.1 |i 1927248 |l 1 |o 348.022 BOL 1903 |p 1927248 |r 2023-07-04 |s 2023-07-03 |w 2019-11-20 |x Ubicación 4to Piso |y BK_X |z Estos recursos deben solicitarse con anticipación |k DER | ||
| 952 | |0 0 |1 0 |4 0 |6 348_022000000000000_BOL_1903 |7 0 |8 DER_HDC |9 295565 |a BIBDER |b BIBDER |d 2019-11-20 |h v.73 p.2 |i 1927299 |l 1 |o 348.022 BOL 1903 |p 1927299 |r 2023-07-04 |s 2023-07-03 |w 2019-11-20 |x Ubicación 4to Piso |y BK_X |z Estos recursos deben solicitarse con anticipación |k DER | ||